000 00403nam a2200181Ia 4500
005 20240823051615.0
008 240823s9999||||xx |||||||||||||| ||und||
041 _aENGLISH
082 _A519.5 M9
100 _a"Hogg,Robert V"
245 0 _aEngineering Statistics
250 _a1st
260 _b"Macmillan,L"
500 _aYES
650 _aMATHS
_bMathematics
942 _cBK
999 _c219966
_d219966